Catálogo de los códices arábigos adquiridos en Tetuán por el gobierno de S.M. / (Record no. 156884)

MARC details
000 -LEADER
campo de control de longitud fija 00980nam a22002295i 4500
001 - NÚMERO DE CONTROL
campo de control 156884
003 - IDENTIFICADOR DE NÚMERO DE CONTROL
campo de control ES-MaACL
005 - FECHA Y HORA DE LA ÚLTIMA TRANSACCIÓN
campo de control 20250930063135.0
008 - DATOS DE LONGITUD FIJA--INFORMACIÓN GENERAL
campo de control de longitud fija 940202s1862 sp |||| | spa d
040 ## - FUENTE DE CATALOGACIÓN
Centro catalogador/agencia de origen CAM
Lengua de catalogación spa
080 ## - NÚMERO DE LA CLASIFICACIÓN DECIMAL UNIVERSAL
Número de la Clasificación Decimal Universal 016:091=411.21
100 1# - ENTRADA PRINCIPAL--NOMBRE DE PERSONA
Nombre de persona Lafuente y Alcántara, Emilio,
Fechas asociadas al nombre 1825-1868
9 (RLIN) 69545
245 10 - MENCIÓN DEL TÍTULO
Título Catálogo de los códices arábigos adquiridos en Tetuán por el gobierno de S.M. /
Mención de responsabilidad, etc. formado por Emilio Lafuente y Alcántara ; e impreso de orden y a expensa del Ministerio de Fomento.
260 ## - PUBLICACIÓN, DISTRIBUCIÓN, ETC.
Lugar de publicación, distribución, etc. Madrid :
Nombre del editor, distribuidor, etc. [s.n.],
Fecha de publicación, distribución, etc. 1862 (
Fabricante Imprenta Nacional)
300 ## - DESCRIPCIÓN FÍSICA
Extensión 80, VIII, [8] p. ;
Dimensiones 27 cm.
546 ## - NOTA DE IDIOMA
Nota de lengua/lenguaje Índices en español y árabe.
597 ## - NOTA DE DESCRIPCIÓN FÍSICA
NOTA DE DESCRIPCIÓN FÍSICA Texto a dos col.
597 ## - NOTA DE DESCRIPCIÓN FÍSICA
NOTA DE DESCRIPCIÓN FÍSICA Las últimas 8 p., están escritas y paginadas en árabe.
650 #4 - PUNTO DE ACCESO ADICIONAL DE MATERIA--TÉRMINO DE MATERIA
Término de materia o nombre geográfico como elemento de entrada Manuscritos árabes-
Subdivisión de forma Bibliografías.
9 (RLIN) 145204
852 ## - LOCALIZACIÓN
Ubicación ES-MaACL
Número de control de estantería T-175-F-6
Nota libre -- Enc. hol.
condición física -- Falto de la cub. original
Nota libre -- Enc. en un vol. facticio
Holdings
Estatus retirado Estado de pérdida Estado de daño No para préstamo Colección Biblioteca de origen Biblioteca actual Ubicación en estantería Fecha de adquisición Total de préstamos Signatura topográfica completa Código de barras Visto por última vez Precio de reemplazo Tipo de ítem Koha
        Colección de folletos Biblioteca del Ateneo de Madrid Biblioteca del Ateneo de Madrid Depósito folletos 17/01/2008   T-175-F-6 1164139 23/02/2023 23/02/2023 Folleto